|
|
|
|
| LEADER |
00000nam0a2200000 4500 |
| 001 |
332128 |
| 005 |
20231102004427.0 |
| 035 |
|
|
|a (RuTPU)RU\TPU\book\358030
|
| 090 |
|
|
|a 332128
|
| 100 |
|
|
|a 20170517d1981 m y0rusy50 ca
|
| 101 |
0 |
|
|a rus
|
| 102 |
|
|
|a RU
|
| 105 |
|
|
|a a j 001zy
|
| 200 |
1 |
|
|a Факторный анализ (метод главных компонентов)
|e учебное пособие
|f К. А. Горькова, Ю. Ш. Абрамов
|g Ленинградский финансово-экономический институт им. Н. А. Вознесенского
|
| 210 |
|
|
|a Ленинград
|c Изд-во ЛФЭИ
|d 1981
|
| 215 |
|
|
|a 66 с.
|c ил.
|
| 320 |
|
|
|a Библиогр.: с. 65
|
| 606 |
1 |
|
|a Факторный анализ
|2 stltpush
|3 (RuTPU)RU\TPU\subj\60534
|9 77815
|
| 610 |
1 |
|
|a симметричные матрицы
|
| 610 |
1 |
|
|a квадратичные формы
|
| 610 |
1 |
|
|a ортогональные матрицы
|
| 610 |
1 |
|
|a матрицы Грама
|
| 610 |
1 |
|
|a собственные значения
|
| 610 |
1 |
|
|a спектральные теоремы
|
| 610 |
1 |
|
|a метод главных компонент
|
| 610 |
1 |
|
|a учебные пособия
|
| 675 |
|
|
|a 519.237(075.8)
|v 4
|
| 700 |
|
1 |
|a Горькова
|b К. А.
|
| 701 |
|
1 |
|a Абрамов
|b Ю. Ш.
|
| 712 |
0 |
2 |
|a Ленинградский финансово-экономический институт им. Н. А. Вознесенского
|c (1930-1991)
|2 stltpush
|3 (RuTPU)RU\TPU\col\5601
|9 24107
|
| 801 |
|
1 |
|a RU
|b 63413507
|c 20170517
|
| 801 |
|
2 |
|a RU
|b 63413507
|c 20201130
|g RCR
|
| 942 |
|
|
|c BK
|